[Event "San Francisco Stamer Memorial"]
[Site "San Francisco"]
[Date "2000.??.??"]
[Round "?"]
[White "Sweeney, C."]
[Black "Chan, John"]
[Result "1-0"]
[WhiteElo "1864"]
[BlackElo "1329"]
[PlyCount "42"]
[EventDate "2000.06.??"]
[EventType "swiss"]
[EventRounds "5"]
[EventCountry "USA"]
[SourceTitle "EXT 2002"]
[Source "ChessBase"]
[SourceDate "2001.11.25"]
[SourceVersion "1"]
[SourceVersionDate "2001.11.25"]
[SourceQuality "1"]

1. e4 e5 2. Nf3 Nc6 3. Bb5 d6 4. d4 h6 5. Bxc6+ bxc6 6. dxe5 Bg4 7. exd6 cxd6 8. 0-0 Be7 9. Qd3 c5 10. c4 a6 11. Nc3 Nf6 12. b3 0-0 13. Bb2 Nd7 14. Nd5 Bf6 15. Nxf6+ Nxf6 16. Rfe1 Bh5 17. Qc3 Kh7 18. Rad1 Qc7 19. Rd3 Rg8 20. Nh4 Bg6 21. Rg3 Rae8 1-0